000 00301nam a2200097Ia 4500
082 _a658.870096 DIST
245 0 _aDistribution management : the place decision
100 _a Van Heerden, Neels Claremont, South Africa, 2005 2nd ed
942 _cBK
008 210817s9999 xx 000 0 und d
999 _c213077
_d213076